QPR Top Goalscorers of All Time - Statistics

General Stats
  • This quiz has been taken 40 times
  • The average score is 13 of 50
Answer Stats
Player APP Goals % Correct
Les Ferdinand 170 81
85%
Stan Bowles 227 64
85%
Charlie Austin 148 61
65%
Clive Allen 44 22
58%
Eberechi Eze 112 20
54%
Gerry Francis 179 36
54%
Kevin Gallen 389 95
50%
Martin Allen 146 16
50%
Matt Smith 102 23
50%
Adel Taarabt 164 34
46%
Ilias Chair 262 37
46%
Dave Thomas 169 23
42%
Jamie Mackie 150 24
42%
Lyndon Dykes 165 37
42%
Andy Sinton 176 24
35%
Trevor Sinclair 178 18
35%
Don Givens 222 62
27%
Don Masson 128 22
27%
Simon Stainrod 76 24
23%
Alan McDonald 434 16
19%
Chris Willock 144 20
19%
Danny Shittu 186 17
19%
Gareth Ainsworth 151 22
19%
Terry Fenwick 183 24
19%
Danny Dichio 80 20
15%
Gary Bannister 149 63
15%
Idrissa Sylla 64 17
15%
John Gregory 99 19
15%
John Spencer 54 23
15%
Mike Sheron 67 19
15%
Paul Furlong 179 57
15%
Roy Wegerle 86 29
15%
Simon Barker 344 37
15%
Akos Buzsaky 125 24
12%
Bradley 86 27
12%
Gary Penrice 86 22
12%
Gavin Peacock 222 40
12%
Heidar Helguson 80 28
12%
John Byrne 132 31
12%
Luke Freeman 112 16
12%
Martin Rowlands 217 37
12%
Nahki Wells 72 24
12%
Andy Thomson 69 29
8%
Dexter Blackstock 117 32
8%
Mick Leach 164 23
8%
Chris Kiwomya 94 29
4%
Mark Falco 94 28
4%
Richard Langley 178 23
4%
Jordan Hugill 41 15
0%
Wayne Fereday 198 20
0%
No matching quizzes found
Score Distribution
Percent of People with Each Score
Percentile by Number Answered
Your Score History
You have not taken this quiz